Bundesliga TOP 50: Ausländische Spieler des Hamburger SV - Statistiken

Allgemein
  • Dieses Quiz wurde 255 mal gespielt
  • Das Durchschnittsergebnis liegt bei 21 aus 50
Antwortstatistiken
Rang Nation Spiele Zeitraum Position Spieler % Korrekt
7 NED 152 2005 - 20082012 - 2015 MF Rafael van der Vaart
94%
16 CRO 103 2007 - 20092015 - 2016 ST Ivica Olić
81%
1 CZE 257 2003 - 2012 MF David Jarolím
79%
21 CRO 99 2008 - 2012 ST Mladen Petrić
77%
5 BIH 174 2000 - 2006 ST Sergej Barbarez
75%
37 KOR 73 2010 - 2013 ST Heung-min Son
71%
11 PER 134 2006 - 2012 ST Paolo Guerrero
69%
26 ENG 90 1977 - 1980 ST Kevin Keegan
64%
34 LAT 74 2012 - 2016 ST Artjoms Rudņevs
61%
46 BEL 61 2004 - 2006 V Daniel Van Buyten
61%
33 CZE 76 2010 - 2016 TW Jaroslav Drobný
61%
29 JPN 83 2015 - 2019 V Gōtoku Sakai
57%
8 NED 148 2006 - 2011 V Joris Mathijsen
56%
2 IRI 211 1999 - 2007 MF Mehdi Mahdavikia
56%
12 CIV 131 2005 - 2011 V Guy Demel
55%
22 JPN 97 2003 - 2006 ST Naohiro Takahara
54%
9 NAM 146 2001 - 2011 MF Collin Benjamin
49%
20 GHA 100 1997 - 2001 ST Anthony Yeboah
48%
36 BUR 74 2008 - 2011 MF Jonathan Pitroipa
48%
14 ARG 111 1996 - 2004 MF Rodolfo Cardoso
48%
32 ARG 77 2002 - 2005 ST Bernardo Romeo
47%
46 SRB 61 2016 - 2018 MF Filip Kostić
47%
40 NED 66 2006 - 2009 MF Nigel de Jong
46%
23 SUI 94 2013 - 2017 V Johan Djourou
45%
29 CMR 83 2005 - 2009 V Timothée Atouba
45%
13 SUI 126 2001 - 2007 V Raphael Wicky
44%
25 LTU 91 1993 - 1997 ST Valdas Ivanauskas
40%
4 NED 177 1998 - 2004 V Nico-Jan Hoogma
37%
38 BIH 72 1995 - 1998 MF Hasan Salihamidžić
36%
31 SRB 79 2010 - 2016 MF Gojko Kačar
35%
15 CZE 105 2000 - 2004 V Tomáš Ujfaluši
34%
28 CRO 84 2011 - 2016 MF Ivo Iličević
33%
44 CRO 62 2012 - 2014 MF Milan Badelj
33%
50 DEN 56 1993 - 19952000 - 2002 MF Stig Tøfting
32%
34 DEN 74 1997 - 2000 MF Thomas Gravesen
32%
10 POL 135 1988 - 1993 ST Jan Furtok
28%
18 BUL 101 1992 - 1996 MF Jordan Letschkow
23%
40 CZE 66 2000 - 2004 V Milan Fukal
21%
48 DEN 59 1981 - 1983 ST Lars Bastrup
20%
49 NED 58 2000 - 2003 ST Erik Meijer
18%
18 CRO 101 1997 - 2002 V Andrej Panadić
17%
43 BRA 65 1989 - 1992 ST Nando
17%
3 DEN 186 1971 - 1976 MF Ole Bjørnmose
17%
16 CRO 103 1977 - 1981 V Ivan Buljan
16%
39 POL 69 1997 - 2000 ST Jacek Dembiński
15%
6 TUR 159 1967 - 1975 TW Özcan Arkoç
15%
42 BUL 65 1994 - 1996 V Petar Hubchev
13%
44 POL 62 1986 - 1988 ST Mirosław Okoński
12%
23 POL 94 1990 - 1993 MF Waldemar Matysik
12%
27 BEL 85 1984 - 1988 V Gerard Plessers
10%
Keine übereinstimmenden Quizze gefunden
Verteilung der Resultate
Anzahl Personen mit jedem Resultat
Perzentil nach korrekt beantworteten Fragen
Ihre Resultats-Entwicklung
Sie haben dieses Quiz noch nicht gespielt